[Event "SK Deutschnofen-SK Klausen"]
[Site "?"]
[Date "2013.10.26"]
[Round "1.1"]
[White "Schacher, Gerd"]
[Black "Micheli, Carlo"]
[Result "1/2-1/2"]
[WhiteElo "2334"]
[BlackElo "2268"]
[PlyCount "74"]
[EventDate "2013.??.??"]

1. c4 d6 2. Nc3 e5 3. g3 Nc6 4. Bg2 g6 5. Rb1 Bg7 6. b4 f5 7. d3 Nf6 8. b5 Nd4
9. Nh3 h6 10. f4 O-O 11. O-O Ne6 12. Nd5 Qe8 13. e3 Ng4 14. Nf2 Nxf2 15. Rxf2
c6 16. bxc6 bxc6 17. Nb4 Bd7 18. Na6 exf4 19. gxf4 g5 20. Bb2 Bxb2 21. Rbxb2
gxf4 22. exf4 Qg6 23. d4 Qg7 24. Rbd2 Bc8 25. Nb4 Bb7 26. Kh1 Qd7 27. Nxc6 Nxf4
28. Rxf4 Bxc6 29. Bxc6 Qxc6+ 30. Rg2+ Kh7 31. d5 Qd7 32. Qh5 Qf7 33. Qxf7+ Rxf7
34. Re2 Rg8 35. h3 Rg3 36. Rh2 Ra3 37. Rhf2 Rc3 1/2-1/2

[Event "SK Deutschnofen-SK Klausen"]
[Site "?"]
[Date "2013.10.26"]
[Round "1.2"]
[White "Gibitz, Othmar"]
[Black "Schrott, Johann"]
[Result "1/2-1/2"]
[WhiteElo "1655"]
[BlackElo "1792"]
[PlyCount "24"]
[EventDate "2013.??.??"]

1. e4 c5 2. Nf3 Nc6 3. d4 cxd4 4. Nxd4 Nf6 5. Nc3 d6 6. Be2 g6 7. Be3 Bg7 8.
Qd2 O-O 9. O-O-O Bd7 10. f4 a6 11. Bf3 Rc8 12. Nxc6 Bxc6 1/2-1/2

[Event "SK Deutschnofen-SK Klausen"]
[Site "?"]
[Date "2013.10.26"]
[Round "1.3"]
[White "Schrott, Ernst"]
[Black "Thurner, Markus"]
[Result "1-0"]
[WhiteElo "1857"]
[BlackElo "1876"]
[PlyCount "75"]
[EventDate "2013.??.??"]

1. e4 e6 2. c4 d5 3. exd5 exd5 4. cxd5 Nf6 5. Bb5+ Nbd7 6. Nc3 Be7 7. Nf3 O-O
8. O-O Nb6 9. d4 Nbxd5 10. Re1 Bg4 11. Bg5 h6 12. Bh4 Bb4 13. Rc1 g5 14. Bg3 c6
15. Bd3 Bd6 16. Be5 Nf4 17. Bb1 Re8 18. Qc2 Bxf3 19. gxf3 Ng6 20. Qf5 Nh5 21.
Qh3 Nh4 22. Re4 Bxe5 23. dxe5 Nf4 24. Qg3 Kh8 25. Rd1 Qe7 26. Rd6 h5 27. Rxf4
Qxd6 28. Qxg5 Rg8 29. exd6 Rxg5+ 30. Kf1 Ng6 31. Rxf7 Rd8 32. Ne4 Rb5 33. Nf6
Nf8 34. d7 Rxb2 35. Bf5 Rd2 36. h3 c5 37. Ke1 Rd4 38. Ke2 1-0

[Event "SK Deutschnofen-SK Klausen"]
[Site "?"]
[Date "2013.10.26"]
[Round "1.4"]
[White "Hofer, Alois"]
[Black "Seebacher, Michael"]
[Result "0-1"]
[WhiteElo "1734"]
[BlackElo "1472"]
[PlyCount "102"]
[EventDate "2013.??.??"]

1. e4 c6 2. d4 d5 3. Nc3 dxe4 4. Nxe4 Bf5 5. f3 e6 6. Ne2 Nf6 7. Nxf6+ Qxf6 8.
Ng3 Qh4 9. Be3 Bd6 10. Bf2 Qf6 11. Qd2 Nd7 12. O-O-O Bg6 13. Be3 Qd8 14. Ne4
Be7 15. Bd3 h6 16. g4 Bxe4 17. fxe4 Bg5 18. Kb1 Bxe3 19. Qxe3 Qg5 20. Qf3 Nf6
21. Rdg1 Nd7 22. h4 Qf6 23. Qe3 g6 24. Rf1 Qg7 25. g5 h5 26. e5 O-O 27. Rh3 a6
28. Rhf3 Nb6 29. Qf2 Nd7 30. c4 c5 31. Re1 Rad8 32. b3 b6 33. Qe3 cxd4 34. Qxd4
Nc5 35. Qc3 Rd7 36. Bc2 Rfd8 37. b4 Nb7 38. Ref1 a5 39. a3 Rc8 40. Rf6 axb4 41.
axb4 Nd8 42. Bb3 Nc6 43. R1f4 Rcd8 44. Bc2 Nd4 45. Rf2 Nxc2 46. Rxc2 Qf8 47.
Rb2 Qe8 48. Rbf2 Rd1+ 49. Kc2 Qa4+ 50. Qb3 Qa1 51. Qe3 R8d4 0-1

[Event "SK Deutschnofen-SK Klausen"]
[Site "?"]
[Date "2013.10.26"]
[Round "1.5"]
[White "Sigmund, Ingenuin"]
[Black "Mittermair, Alois"]
[Result "0-1"]
[WhiteElo "1717"]
[BlackElo "1471"]
[PlyCount "75"]
[EventDate "2013.??.??"]

1. e4 e5 2. Nf3 d6 3. d4 exd4 4. Bc4 Be6 5. Bxe6 fxe6 6. Nxd4 Qd7 7. c4 Nf6 8.
Nc3 Nc6 9. O-O Nxd4 10. Qxd4 e5 11. Qd3 Be7 12. f4 exf4 13. Bxf4 O-O 14. Rad1
Rad8 15. a3 a6 16. b4 Qe6 17. Bc1 Rf7 18. Nd5 Rd7 19. Bb2 Bd8 20. Rde1 Ng4 21.
Nf4 Qh6 22. Nh3 Bf6 23. Bc1 Qh4 24. Bf4 Qh5 25. Bg3 Be5 26. Rxf7 Rxf7 27. Qd5
c6 28. Qe6 Bxg3 29. hxg3 h6 30. Qxd6 Ne5 31. Qe6 Kh7 32. Nf4 Qg5 33. Re3 Re7
34. Qf5+ g6 35. Qf8 Rf7 36. Qc5 Rd7 37. Ne6 Rd1+ 38. Kf2 0-1

[Event "SK Deutschnofen-SK Klausen"]
[Site "?"]
[Date "2013.10.26"]
[Round "1.6"]
[White "Pichler, Hubertus"]
[Black "Hartmann, Alois Eugen"]
[Result "1/2-1/2"]
[WhiteElo "1477"]
[BlackElo "1416"]
[PlyCount "38"]
[EventDate "2013.??.??"]

1. d4 e6 2. Nf3 d5 3. e3 Nf6 4. c4 c5 5. Nc3 Nc6 6. dxc5 Bxc5 7. cxd5 Nxd5 8.
Nxd5 Qxd5 9. Qxd5 exd5 10. Bb5 Bb4+ 11. Bd2 Bxd2+ 12. Kxd2 Bd7 13. Rhd1 Bg4 14.
Ke2 a6 15. Ba4 Rd8 16. Rac1 Rd6 17. h3 Bxf3+ 18. Kxf3 Ke7 19. Bb3 Rhd8 1/2-1/2

[Event "ASD Arci Scacchi BZ-SC Naturns Jambo II"]
[Site "?"]
[Date "2013.11.09"]
[Round "2.1"]
[White "Gurschler, Gregor"]
[Black "Olivetti, Davide"]
[Result "0-1"]
[WhiteElo "1820"]
[BlackElo "1862"]
[PlyCount "70"]
[EventDate "2013.??.??"]

1. Nf3 Nc6 2. g3 e5 3. d3 d5 4. Bg2 Be6 5. Nbd2 f5 6. e4 fxe4 7. dxe4 d4 8. Qe2
Nb4 9. Qb5+ Qd7 10. Qxd7+ Bxd7 11. Kd1 Bg4 12. a3 Nc6 13. h3 Bxf3+ 14. Nxf3 Nf6
15. Ng5 Bd6 16. f4 h6 17. Ne6 Kf7 18. f5 Nd8 19. Nxd8+ Rhxd8 20. Bf3 c5 21. g4
c4 22. h4 Rh8 23. Bd2 Rac8 24. c3 d3 25. Be3 Bc5 26. Bxc5 Rxc5 27. Kd2 Rb5 28.
b4 cxb3 29. Kxd3 Rd8+ 30. Kc4 Rb6 31. Rab1 Ne8 32. a4 a5 33. Rb2 Nd6+ 34. Kd5
Rc6 35. Rxb3 Nc4# 0-1

[Event "ASD Arci Scacchi BZ-SC Naturns Jambo II"]
[Site "?"]
[Date "2013.11.09"]
[Round "2.2"]
[White "Adzic, Ranko"]
[Black "Gurschler, Thomas"]
[Result "1-0"]
[WhiteElo "1789"]
[BlackElo "1806"]
[PlyCount "65"]
[EventDate "2013.??.??"]

1. Nf3 g6 2. d3 Bg7 3. g3 c5 4. Bg2 Nc6 5. O-O Nf6 6. c4 O-O 7. Nc3 d6 8. a3
Bd7 9. Rb1 a5 10. Bg5 h6 11. Bxf6 Bxf6 12. Qd2 Bg7 13. Nd5 e6 14. Nc3 Ne7 15.
b4 axb4 16. axb4 cxb4 17. Rxb4 Bc6 18. Rfb1 Ra3 19. Nb5 Ra6 20. d4 d5 21. c5 b6
22. Nd6 bxc5 23. dxc5 Qa5 24. Qf4 Qxc5 25. Rb8 Ra8 26. Qxf7+ Kh8 27. Rxa8 Rxa8
28. Qxe7 Bf8 29. Nf7+ Kg7 30. Qxe6 Re8 31. Nd8 Rxd8 32. Ne5 Re8 33. Qxg6+ 1-0

[Event "ASD Arci Scacchi BZ-SC Naturns Jambo II"]
[Site "?"]
[Date "2013.11.09"]
[Round "2.3"]
[White "Gurschler, Markus"]
[Black "D'Ambrosio, Luca"]
[Result "0-1"]
[WhiteElo "1575"]
[BlackElo "1764"]
[PlyCount "98"]
[EventDate "2013.??.??"]

1. d4 d5 2. Bf4 Nf6 3. Nf3 c6 4. c3 Qb6 5. Qb3 Qxb3 6. axb3 Bf5 7. Nbd2 Nbd7 8.
e3 h6 9. h3 e6 10. Ne5 Be7 11. Bd3 Bxd3 12. Nxd3 O-O 13. Nf3 c5 14. Nfe5 cxd4
15. exd4 a6 16. g4 Rfd8 17. f3 Nxe5 18. Nxe5 Nd7 19. Nxd7 Rxd7 20. h4 Bd6 21.
Bxd6 Rxd6 22. f4 Rb6 23. b4 a5 24. Rh2 Rba6 25. bxa5 Rxa5 26. Rxa5 Rxa5 27. Kf2
Ra1 28. Kg2 Rc1 29. g5 h5 30. Kf3 g6 31. Ke3 Kf8 32. Kd2 Rb1 33. Kd3 Rf1 34.
Ke3 Ke7 35. Rh3 Kd6 36. Rh2 Kc6 37. Rh3 Kb5 38. Rh2 Kc4 39. Rf2 Rxf2 40. Kxf2
Kb3 41. Ke3 Kxb2 42. Kd2 Kb3 43. Kd3 b5 44. Kd2 Kc4 45. Kc2 b4 46. cxb4 Kxb4
47. Kd3 Kb3 48. Kd2 Kc4 49. Ke3 Kc3 0-1

[Event "ASD Arci Scacchi BZ-SC Naturns Jambo II"]
[Site "?"]
[Date "2013.11.09"]
[Round "2.4"]
[White "Pollana, Marco"]
[Black "Illmer, Markus"]
[Result "1/2-1/2"]
[WhiteElo "1746"]
[BlackElo "1525"]
[PlyCount "73"]
[EventDate "2013.??.??"]

1. Nf3 c6 2. g3 d5 3. Bg2 Bf5 4. d3 Nd7 5. Nbd2 Ngf6 6. O-O e6 7. Nh4 Bg6 8.
Nxg6 hxg6 9. c4 Qb6 10. Rb1 Ng4 11. Nf3 dxc4 12. d4 Rd8 13. h3 Ngf6 14. Qc2 Qa6
15. Bg5 Be7 16. a3 b5 17. e4 Qb6 18. Be3 c5 19. b3 cxb3 20. Rxb3 c4 21. Rc3 Qb7
22. Ng5 Nb6 23. Qb1 a6 24. d5 exd5 25. e5 Nh7 26. Nxf7 Kxf7 27. e6+ Kg8 28.
Qxg6 Bf6 29. Bxb6 Nf8 30. Qf7+ Qxf7 31. exf7+ Kxf7 32. Bxd8 Bxc3 33. Bxd5+ Ne6
34. Bb6 Kf6 35. Kg2 Rf8 36. a4 Rc8 37. axb5 1/2-1/2

[Event "ASD Arci Scacchi BZ-SC Naturns Jambo II"]
[Site "?"]
[Date "2013.11.09"]
[Round "2.5"]
[White "Christanell, Andre"]
[Black "Rinaldo, Gaetano"]
[Result "0-1"]
[WhiteElo "1513"]
[BlackElo "1588"]
[PlyCount "85"]
[EventDate "2013.??.??"]

1. e4 e6 2. d4 d5 3. Nd2 Nf6 4. e5 Nfd7 5. Be2 c5 6. c3 Nc6 7. Nb3 c4 8. Nd2 b5
9. f4 Be7 10. Ngf3 O-O 11. Qc2 a5 12. h4 h6 13. g4 f5 14. gxf5 exf5 15. Nf1 Nb6
16. Bd2 Be6 17. Ng3 b4 18. Kf2 a4 19. Rag1 b3 20. axb3 axb3 21. Qb1 Qe8 22. Ne1
Kh8 23. Rg2 Ra2 24. Nc2 Na4 25. Bc1 Nxc3 26. bxc3 Rxc2 27. Bb2 Qa8 28. Ke3 Qa2
29. Qxa2 bxa2 30. Ba1 Rb8 31. Rgg1 Ba3 32. Nh5 Rb7 33. Rg6 Re7 34. Rhg1 Rc1 35.
Bf1 Rxa1 36. Nxg7 Rxg7 37. Rxh6+ Kg8 38. Rxg7+ Kxg7 39. Rxe6 Rxf1 40. Rxc6 a1=Q
41. Rc7+ Kf8 42. Rc8+ Ke7 43. Rc7+ 0-1

[Event "ASD Arci Scacchi BZ-SC Naturns Jambo II"]
[Site "?"]
[Date "2013.11.09"]
[Round "2.6"]
[White "Zanatta, Daniel"]
[Black "Zoeschg, Herbert"]
[Result "1/2-1/2"]
[WhiteElo "1462"]
[BlackElo "1490"]
[PlyCount "109"]
[EventDate "2013.??.??"]

1. e4 d6 2. f4 g6 3. Nf3 Bg7 4. Nc3 e6 5. d4 Ne7 6. Be3 a6 7. a4 Bd7 8. Bc4 c6
9. O-O d5 10. Bb3 O-O 11. Qe1 dxe4 12. Nxe4 Nd5 13. Bd2 b6 14. c4 Nf6 15. Bb4
c5 16. dxc5 Nxe4 17. Qxe4 Bc6 18. Qe3 a5 19. Ba3 Na6 20. Rad1 Qc8 21. cxb6 Rd8
22. Rxd8+ Qxd8 23. Rd1 Qe8 24. Rd6 Nb4 25. Ne5 Rb8 26. Nxc6 Nxc6 27. c5 Bf8 28.
Rd1 Qe7 29. Qe4 Nb4 30. Bxb4 axb4 31. Rc1 Qf6 32. Qe5 Qd8 33. Rd1 Qc8 34. Rc1
Rxb6 35. cxb6 Qxc1+ 36. Kf2 Qc5+ 37. Qe3 Qxe3+ 38. Kxe3 Bc5+ 39. Kd3 Bxb6 40.
Kc4 Kf8 41. g4 Ke7 42. Kxb4 Kd6 43. Kb5 Kc7 44. Bc4 h6 45. a5 Bd4 46. b4 Kb8
47. Bd3 g5 48. fxg5 hxg5 49. a6 f6 50. Kc6 Ka7 51. Kd7 Kb6 52. b5 Bc3 53. Kxe6
Bb2 54. Kd7 Be5 55. h3 1/2-1/2

[Event "SK Ehrenburg-SC Taufers"]
[Site "?"]
[Date "2013.11.09"]
[Round "2.1"]
[White "Forer, Erich"]
[Black "Hengl, Christian"]
[Result "0-1"]
[WhiteElo "1838"]
[BlackElo "2183"]
[PlyCount "52"]
[EventDate "2013.??.??"]

1. Nf3 f5 2. d4 Nf6 3. Bg5 e6 4. Nbd2 d5 5. Bxf6 Qxf6 6. c3 Bd6 7. e3 O-O 8.
Bd3 Nd7 9. Qc2 c5 10. O-O-O c4 11. Be2 b5 12. h4 a5 13. Rhg1 b4 14. g4 bxc3 15.
Qxc3 Bb4 16. Qc2 c3 17. Nf1 cxb2+ 18. Kb1 Ba6 19. Bxa6 Rxa6 20. Ng5 Nb6 21.
gxf5 Nc4 22. Qd3 exf5 23. f4 Qb6 24. a4 Qc6 25. Qb3 Rb6 26. Rg2 Bd6 0-1

[Event "SK Ehrenburg-SC Taufers"]
[Site "?"]
[Date "2013.11.09"]
[Round "2.2"]
[White "Flatscher, Tobias"]
[Black "Holzer, Phillipp"]
[Result "1/2-1/2"]
[WhiteElo "1781"]
[BlackElo "1831"]
[PlyCount "29"]
[EventDate "2013.??.??"]

1. e4 e5 2. f4 Bc5 3. Nf3 d6 4. Nc3 Nc6 5. Bc4 Nf6 6. d3 h6 7. Rf1 Bg4 8. h3
Bxf3 9. Qxf3 Nd4 10. Qg3 O-O 11. fxe5 Nh5 12. Qg4 Nxc2+ 13. Kd1 Nxa1 14. Qxh5
Qe7 15. Rf5 {Hier bot weiss Remis??} 1/2-1/2

[Event "SK Ehrenburg-SC Taufers"]
[Site "?"]
[Date "2013.11.09"]
[Round "2.3"]
[White "Niederkofler, Andreas"]
[Black "Mairhofer, Rene"]
[Result "1-0"]
[WhiteElo "1794"]
[BlackElo "1647"]
[PlyCount "108"]
[EventDate "2013.??.??"]

1. e4 Nf6 2. e5 Nd5 3. d4 d6 4. Nf3 g6 5. Bc4 Nb6 6. Bb3 Bg7 7. O-O Bg4 8.
Bxf7+ Kf8 9. h3 dxe5 10. hxg4 Kxf7 11. Ng5+ Kg8 12. Ne6 Qd6 13. Nxg7 Kxg7 14.
dxe5 Qxd1 15. Rxd1 Nc6 16. b3 Rhd8 17. Re1 e6 18. Na3 a6 19. Bg5 Rd5 20. Bf6+
Kf7 21. Rad1 Nd7 22. Rxd5 exd5 23. g5 Re8 24. f4 h5 25. c3 Ke6 26. Kf2 Ne7 27.
Bxe7 Rxe7 28. Nc2 c5 29. Rd1 Nb6 30. b4 Na4 31. bxc5 Nxc3 32. Nd4+ Kf7 33. Rc1
Nxa2 34. Ra1 Nb4 35. Ke3 Rc7 36. Ra4 Nc6 37. Nxc6 Rxc6 38. Kd4 Ke6 39. Rb4 Rc7
40. Rb6+ Kf5 41. Rf6+ Kg4 42. Kxd5 a5 43. e6 a4 44. Rf8 a3 45. Ra8 Kxf4 46.
Rxa3 Kxg5 47. Kd6 Rc6+ 48. Kd7 Rxc5 49. e7 Re5 50. e8=Q Rxe8 51. Kxe8 Kf4 52.
Kf7 g5 53. Kg6 h4 54. Kh5 Ke4 1-0

[Event "SK Ehrenburg-SC Taufers"]
[Site "?"]
[Date "2013.11.09"]
[Round "2.4"]
[White "Gruber, Alexander"]
[Black "Haidacher, Gerold"]
[Result "1-0"]
[WhiteElo "1774"]
[BlackElo "1699"]
[PlyCount "67"]
[EventDate "2013.??.??"]

1. e4 e5 2. Nf3 Nc6 3. Bc4 Bc5 4. c3 Nf6 5. d4 exd4 6. cxd4 Bb4+ 7. Nc3 Nxe4 8.
O-O Bxc3 9. d5 Bf6 10. Re1 Ne7 11. Rxe4 d6 12. Bg5 Bxg5 13. Nxg5 h6 14. Qh5 O-O
15. Rae1 hxg5 16. Rxe7 Bf5 17. Qxg5 Qc8 18. h4 b5 19. Bxb5 Rb8 20. Bc4 Rxb2 21.
h5 Rb4 22. h6 Bg6 23. hxg7 Kxg7 24. Qc1 Rb1 25. Qc3+ Kg8 26. Rxb1 Bxb1 27. Bb3
Qg4 28. Rxc7 Re8 29. Rxa7 Bg6 30. Rc7 Qf4 31. Rc8 Rxc8 32. Qxc8+ Kg7 33. Qc3+
Kg8 34. a4 1-0

[Event "SK Ehrenburg-SC Taufers"]
[Site "?"]
[Date "2013.11.09"]
[Round "2.5"]
[White "Stivaletta, Andrea"]
[Black "Mairhofer, Lino"]
[Result "1/2-1/2"]
[WhiteElo "1590"]
[BlackElo "1705"]
[PlyCount "59"]
[EventDate "2013.??.??"]

1. e4 c5 2. Nf3 d6 3. d4 cxd4 4. Nxd4 Nf6 5. Nc3 g6 6. Bb5+ Bd7 7. Bxd7+ Nbxd7
8. O-O Bg7 9. Kh1 O-O 10. Nde2 Rc8 11. f4 Nc5 12. Ng3 h5 13. Qf3 Ncd7 14. Be3
a6 15. Rad1 Qc7 16. Rd3 b5 17. a3 Qb7 18. Bd4 Nc5 19. Rd2 h4 20. e5 Qxf3 21.
Rxf3 Ng4 22. h3 Nxe5 23. fxe5 hxg3 24. exd6 exd6 25. Bxg7 Kxg7 26. Rxd6 Rfd8
27. Rxd8 Rxd8 28. b4 Ne6 29. Rd3 Rc8 30. Rxg3 1/2-1/2

[Event "SK Ehrenburg-SC Taufers"]
[Site "?"]
[Date "2013.11.09"]
[Round "2.6"]
[White "Messner, Alex"]
[Black "Ratschiller, Manuel"]
[Result "1/2-1/2"]
[WhiteElo "1619"]
[BlackElo "1496"]
[PlyCount "56"]
[EventDate "2013.??.??"]

1. c4 Nf6 2. g3 g6 3. Bg2 Bg7 4. Nc3 O-O 5. e3 d6 6. Nge2 c5 7. O-O Nc6 8. d3
Bd7 9. Bd2 Qc8 10. Nf4 e5 11. Nfd5 Nxd5 12. Nxd5 Bh3 13. Rb1 Bxg2 14. Kxg2 Re8
15. f4 f5 16. Bc3 Ne7 17. Qf3 Qc6 18. fxe5 dxe5 19. Nxe7+ Rxe7 20. Qxc6 bxc6
21. e4 Rf8 22. Rbe1 fxe4 23. Rxf8+ Kxf8 24. Rxe4 Kf7 25. Kf3 Ke6 26. a3 Rd7 27.
Ke2 Kf5 28. g4+ Ke6 1/2-1/2

[Event "SG Kaltern/Tramin-Groeden"]
[Site "?"]
[Date "2013.11.09"]
[Round "2.2"]
[White "Paltrinieri, Nicholas"]
[Black "Moroder, Stephan"]
[Result "1/2-1/2"]
[WhiteElo "2155"]
[BlackElo "2139"]
[PlyCount "119"]
[EventDate "2013.??.??"]

1. d4 Nf6 2. Bg5 e6 3. e4 h6 4. Bxf6 Qxf6 5. c3 b6 6. Nd2 c5 7. Ngf3 cxd4 8.
cxd4 Nc6 9. d5 Nd4 10. dxe6 Nxf3+ 11. Qxf3 fxe6 12. O-O-O Qxf3 13. Nxf3 Bb7 14.
Ne5 Rc8+ 15. Kb1 Bxe4+ 16. Ka1 Bd6 17. Ba6 Rc5 18. Rxd6 Rxe5 19. Rd4 Bxg2 20.
Rg1 Bc6 21. h4 Rf8 22. a3 g5 23. hxg5 hxg5 24. Rd2 b5 25. Kb1 Ke7 26. Rg4 Re4
27. Rxg5 Rf5 28. Rg7+ Kf6 29. Rh7 Re1+ 30. Ka2 Rf3 31. Rh8 Kg7 32. Rd8 Bd5+ 33.
Rxd5 exd5 34. Rxd7+ Kf6 35. Rxd5 Re5 36. Rxe5 Kxe5 37. Bxb5 Rxf2 38. a4 Ke4 39.
Ka3 a5 40. b3 Kd4 41. Bc4 Kc3 42. Bd5 Rf1 43. Ka2 Kb4 44. Bc4 Rg1 45. Kb2 Rg2+
46. Kb1 Ka3 47. Bd5 Rd2 48. Bc4 Kb4 49. Be6 Kc3 50. Bc4 Rf2 51. Bd5 Rf1+ 52.
Ka2 Re1 53. Bc4 Kc2 54. Bd5 Kc1 55. Bc4 Rh1 56. Bd5 Rh2+ 57. Ka1 Kc2 58. Ka2
Kc3+ 59. Kb1 Rb2+ 60. Ka1 1/2-1/2

[Event "SG Kaltern/Tramin-Groeden"]
[Site "?"]
[Date "2013.11.09"]
[Round "2.3"]
[White "Bernardi, Ruben"]
[Black "Panjkovic, Aleksandar"]
[Result "0-1"]
[WhiteElo "2135"]
[BlackElo "2090"]
[PlyCount "102"]
[EventDate "2013.??.??"]

1. e4 c5 2. c3 g6 3. Na3 a6 4. Nf3 Bg7 5. Be2 Nf6 6. e5 Nd5 7. d4 cxd4 8. Qxd4
Nc7 9. Qh4 h6 10. Nc4 Nc6 11. Qg3 b5 12. Nb6 Rb8 13. Be3 Ne6 14. Nd5 d6 15.
exd6 Qxd6 16. Qxd6 exd6 17. a3 O-O 18. Rd1 Bb7 19. O-O Kh7 20. Rd2 f5 21. Rfd1
f4 22. Bb6 Ne5 23. Ba5 Rf7 24. Bb4 Nc5 25. Nxe5 Bxe5 26. Bf3 Nb3 27. Re2 a5 28.
Bxd6 Bxd6 29. Re6 Bf8 30. Be4 Bxd5 31. Bxg6+ Kg7 32. Rxd5 Re7 33. Rxe7+ Bxe7
34. Bc2 Nc5 35. b4 axb4 36. cxb4 Ne6 37. Bb3 Rb6 38. Kf1 Kf6 39. Rh5 Bf8 40.
Rd5 Bd6 41. Rh5 Bf8 42. Rd5 Ra6 43. Bc2 Rxa3 44. Bd3 Bxb4 45. Bxb5 Nc7 46. Rd4
Bc3 47. Rd6+ Ke5 48. Rxh6 Nxb5 49. Rh5+ Ke4 50. Rxb5 Ra1+ 51. Ke2 Re1# 0-1

[Event "SG Kaltern/Tramin-Groeden"]
[Site "?"]
[Date "2013.11.09"]
[Round "2.4"]
[White "Waldner, Mirko"]
[Black "Moroder, Thomas"]
[Result "1-0"]
[WhiteElo "1850"]
[BlackElo "1912"]
[PlyCount "79"]
[EventDate "2013.??.??"]

1. f4 c5 2. Nf3 g6 3. e4 Bg7 4. Nc3 Nc6 5. Bb5 Nd4 6. O-O Nxb5 7. Nxb5 a6 8.
Nc3 b5 9. d3 Bb7 10. Be3 d6 11. f5 Nf6 12. fxg6 hxg6 13. Ng5 b4 14. Na4 Bc6 15.
Nxc5 dxc5 16. Qe2 Qd6 17. h3 Bd7 18. Qf3 e5 19. c3 bxc3 20. bxc3 Be6 21. d4
cxd4 22. cxd4 O-O 23. Rad1 Nh7 24. Nxh7 Kxh7 25. Qg3 Bc4 26. Rf2 f5 27. Bg5 Qb6
28. Be7 Rf7 29. exf5 gxf5 30. dxe5 Rc8 31. Rd6 Rc6 32. Qg6+ Kh8 33. Rxc6 Qb1+
34. Kh2 Qb8 35. Bd6 Bxe5+ 36. Bxe5+ Qxe5+ 37. g3 Rg7 38. Qh5+ Rh7 39. Rc8+ Bg8
40. Qxf5 1-0

[Event "SG Kaltern/Tramin-Groeden"]
[Site "?"]
[Date "2013.11.09"]
[Round "2.5"]
[White "Prinoth, Franz"]
[Black "Bertagnolli, Gerhard"]
[Result "0-1"]
[WhiteElo "1751"]
[BlackElo "1926"]
[PlyCount "56"]
[EventDate "2013.??.??"]

1. e4 c5 2. Nf3 e6 3. d4 cxd4 4. Nxd4 a6 5. Nc3 Qc7 6. Be3 Nf6 7. f3 b5 8. a3
Bb7 9. Qd2 d5 10. exd5 Nxd5 11. Nxd5 Bxd5 12. Be2 Nd7 13. O-O Be7 14. f4 Nf6
15. Bf3 O-O 16. Kh1 Rfd8 17. c3 Rac8 18. Rae1 Bd6 19. Bxd5 Nxd5 20. Qf2 Bc5 21.
Bc1 Ne7 22. Be3 Nd5 23. Bc1 b4 24. axb4 Nxb4 25. cxb4 Bxd4 26. Be3 Qc4 27. Rc1
Qxc1 28. Rxc1 Rxc1+ 0-1

[Event "SG Kaltern/Tramin-Groeden"]
[Site "?"]
[Date "2013.11.09"]
[Round "2.6"]
[White "Dallaglio, Giovanni"]
[Black "Dejori, David"]
[Result "1-0"]
[WhiteElo "1792"]
[BlackElo "1432"]
[PlyCount "57"]
[EventDate "2013.??.??"]

1. d4 d5 2. Nf3 Nf6 3. c4 Bf5 4. e3 e6 5. Qb3 b6 6. Nc3 Be7 7. cxd5 exd5 8. Ne5
c6 9. Be2 O-O 10. O-O Qc7 11. Bd2 Nbd7 12. f4 Ne4 13. Rfd1 Ndf6 14. Rac1 Nxd2
15. Rxd2 Qb7 16. Bf3 Rac8 17. Rdd1 Nd7 18. Nxd5 cxd5 19. Bxd5 Be6 20. Bxe6 Rxc1
21. Bxf7+ Kh8 22. Rxc1 Nxe5 23. fxe5 Bg5 24. Bd5 Bxe3+ 25. Qxe3 Qxd5 26. e6 Re8
27. e7 Qxa2 28. Rf1 Qg8 29. d5 1-0

[Event "SK Klausen - Brixen/Milland "]
[Site "?"]
[Date "2013.11.09"]
[Round "2.1"]
[White "Sader, Michael"]
[Black "Schacher, Gerd"]
[Result "0-1"]
[WhiteElo "2179"]
[BlackElo "2334"]
[PlyCount "63"]
[EventDate "2013.??.??"]

1. d4 f5 2. c4 Nf6 3. Nc3 d6 4. Bg5 Nbd7 5. Nh3 e5 6. e3 g6 7. f4 exd4 8. Qxd4
Bg7 9. Be2 O-O 10. Bf3 Kh8 11. Qd2 a5 12. O-O Nc5 13. Nf2 Ne6 14. e4 h6 15.
exf5 gxf5 16. Bh4 Ne4 17. Bxe4 Qxh4 18. g3 Qf6 19. Bg2 Nc5 20. Kh1 Be6 21. Bd5
Rae8 22. Rae1 Bc8 23. Rxe8 Rxe8 24. Re1 Re7 25. Ncd1 a4 26. Kg2 c6 27. Bf3 Rxe1
28. Qxe1 Be6 29. Qb4 Qd4 30. b3 d5 31. Nc3 Qxf2+ 32. Kxf2 0-1

[Event "SK Klausen - Brixen/Milland "]
[Site "?"]
[Date "2013.11.09"]
[Round "2.2"]
[White "Seebacher, Reinhard"]
[Black "Brenninger, Daniel"]
[Result "0-1"]
[WhiteElo "1864"]
[BlackElo "2072"]
[PlyCount "66"]
[EventDate "2013.??.??"]

1. e4 Nf6 2. e5 Nd5 3. d4 d6 4. Nf3 Bg4 5. h3 Bh5 6. Be2 e6 7. O-O Be7 8. c4
Nb6 9. Nc3 O-O 10. Bf4 d5 11. c5 N6d7 12. Qb3 b6 13. Rac1 c6 14. cxb6 axb6 15.
a3 c5 16. dxc5 bxc5 17. Rfd1 Qa5 18. Nh2 Bxe2 19. Nxe2 Nc6 20. Qg3 Rfb8 21. Bh6
g6 22. Ng4 Rxb2 23. Nf4 Nd4 24. Rxd4 cxd4 25. Nh5 Qd8 26. Bg7 Bg5 27. Ngf6+
Nxf6 28. Bxf6 Bxf6 29. exf6 Rc8 30. Rxc8 Qxc8 31. Qg5 d3 32. Qh6 Qf8 33. Qc1 d2
0-1

[Event "SK Klausen - Brixen/Milland "]
[Site "?"]
[Date "2013.11.09"]
[Round "2.3"]
[White "Kofler, Thomas"]
[Black "Schrott, Johann"]
[Result "1-0"]
[WhiteElo "1940"]
[BlackElo "1792"]
[PlyCount "77"]
[EventDate "2013.??.??"]

1. c4 Nf6 2. g3 c5 3. Bg2 Nc6 4. Nc3 g6 5. Nf3 Bg7 6. O-O d6 7. d4 Nxd4 8. Nxd4
cxd4 9. Qxd4 O-O 10. Qh4 Qc7 11. Bg5 a5 12. Rac1 Re8 13. b3 Rb8 14. Bf3 b6 15.
Nd5 Nxd5 16. cxd5 Qd7 17. Rc2 Ba6 18. Rfc1 f6 19. Be3 g5 20. Qg4 Qxg4 21. Bxg4
Bf8 22. Rc6 Bb5 23. Rxb6 Rxb6 24. Bxb6 a4 25. bxa4 Bxa4 26. Rc8 Rxc8 27. Bxc8
Kg7 28. Bb7 Bb5 29. e4 g4 30. Bc6 Ba6 31. a4 Kf7 32. Bb5 Bxb5 33. axb5 Ke8 34.
f4 gxf3 35. Kf2 Kd7 36. Kxf3 Bh6 37. Bd4 Bd2 38. Kg4 h6 39. Kf5 1-0

[Event "SK Klausen - Brixen/Milland "]
[Site "?"]
[Date "2013.11.09"]
[Round "2.4"]
[White "Schrott, Ernst"]
[Black "Kofler, Oswald"]
[Result "1-0"]
[WhiteElo "1857"]
[BlackElo "1828"]
[PlyCount "109"]
[EventDate "2013.??.??"]

1. e4 e5 2. d4 exd4 3. Nf3 Nc6 4. Nxd4 Bc5 5. Be3 Qf6 6. c3 Nxd4 7. cxd4 Bb4+
8. Nc3 d6 9. Qa4+ c6 10. Qxb4 Ne7 11. Be2 O-O 12. O-O Ng6 13. f4 a5 14. Qb3 b5
15. Qc2 Re8 16. e5 Qd8 17. Ne4 Bf5 18. Bd3 dxe5 19. fxe5 Be6 20. Nd6 Rf8 21.
Qxc6 Bd7 22. Qe4 Rb8 23. Rac1 Qe7 24. Rc5 f6 25. Bxb5 Bxb5 26. Qd5+ Kh8 27.
Rxb5 Rxb5 28. Qxb5 fxe5 29. Rxf8+ Qxf8 30. dxe5 h6 31. Qe8 Qxe8 32. Nxe8 Kg8
33. Bd4 Kf7 34. Nd6+ Ke6 35. Bc3 a4 36. Nc4 Nf4 37. Kf1 Nd5 38. Ke2 g6 39. g3
h5 40. Kd3 g5 41. Bd2 g4 42. Kd4 Ne7 43. Kc5 Nf5 44. Ne3 Ne7 45. Kb4 Kxe5 46.
Ng2 Ke4 47. Ne1 Nf5 48. Kxa4 Nd4 49. Ba5 Nf5 50. b4 Kd5 51. b5 Kd6 52. Bb6 Kd5
53. Bg1 Nd6 54. b6 Nb7 55. Ng2 1-0

[Event "SK Klausen - Brixen/Milland "]
[Site "?"]
[Date "2013.11.09"]
[Round "2.5"]
[White "Wisthaler, Lukas"]
[Black "Seebacher, Michael"]
[Result "1/2-1/2"]
[WhiteElo "1816"]
[BlackElo "1472"]
[PlyCount "80"]
[EventDate "2013.??.??"]

1. e4 c6 2. d4 d5 3. exd5 cxd5 4. c4 Nf6 5. Nc3 Nc6 6. Nf3 e6 7. Be2 Be7 8. O-O
O-O 9. Bg5 dxc4 10. Bxc4 a6 11. Rc1 b5 12. Bd3 Bb7 13. a3 Rc8 14. Qd2 Na5 15.
Qe2 Bxf3 16. Qxf3 Qxd4 17. Rfd1 Qa7 18. Ne4 Nxe4 19. Qxe4 g6 20. Bh6 Rfd8 21.
b4 Rxc1 22. Rxc1 Nb3 23. Rc3 Nd4 24. Qe5 Nf5 25. Be3 Nxe3 26. fxe3 Qd7 27. Bf1
Qd6 28. Qe4 Qd5 29. Qxd5 Rxd5 30. Rc6 Rd6 31. Rc7 Bg5 32. Kf2 Rd2+ 33. Be2 Ra2
34. Rc3 Bf6 35. Rc8+ Kg7 36. Ra8 Bb2 37. Rxa6 Rxa3 38. Bxb5 Bc1 39. Rxa3 Bxa3
40. Kf3 Bxb4 1/2-1/2

[Event "SK Klausen - Brixen/Milland "]
[Site "?"]
[Date "2013.11.09"]
[Round "2.6"]
[White "Sigmund, Ingenuin"]
[Black "Hellweg, Stephan"]
[Result "1-0"]
[WhiteElo "1717"]
[BlackElo "1672"]
[PlyCount "59"]
[EventDate "2013.??.??"]

1. e4 c5 2. Nc3 b6 3. g3 Nf6 4. Bg2 e6 5. d3 Be7 6. f4 Nc6 7. Nf3 a6 8. O-O O-O
9. h3 Qc7 10. g4 Nd4 11. Ne2 Nxf3+ 12. Rxf3 Ne8 13. g5 d5 14. Ng3 d4 15. Ne2
Nd6 16. Ng3 Qd8 17. h4 g6 18. Qe2 Re8 19. h5 Bf8 20. Qf2 Bg7 21. Bd2 Bd7 22.
Ne2 Bc6 23. Rh3 Qe7 24. Qh4 Bh8 25. Bf3 Bd7 26. Kg2 Rab8 27. Rah1 e5 28. R3h2
f6 29. hxg6 fxg5 30. gxh7+ 1-0